00448nam a2200133Ia 4500008004100000041000800041082001400049100002000063245003600083260003700119300001900156999001700175952012200192241028s9999 xx 000 0 und d aeng a330.9 SAU aNathan Saunders aEconomic Growth And Development bStates Academic PressaUSAc2022 a234;. P. 27 cm c42755d42755 00104070aIMTNbIMTNcRack 8-Ad2024-07-03g13321.00o330.9 SAUp33184r2024-10-28 00:00:00v154.00w2024-10-28yBK